| 000 | 00764nam a22001937a 4500 | ||
|---|---|---|---|
| 003 | OSt | ||
| 005 | 20130422192402.0 | ||
| 008 | 130409s2012 sp ||||| |||| 00| 0 spa d | ||
| 020 | _a9788493850432 | ||
| 040 | _cCDMR | ||
| 245 | 0 | 0 |
_aEstudio de detección de necesidades específicas de formación en el hipersector audiovisual-TIC de Andalucía _celaborado por Fundación Audiovisual de Andalucía ; dirección May Silva Ortega |
| 260 |
_a[Sevilla] _bFundación Audiovisual de Andalucía |
||
| 260 |
_bRTVA. Radio y Televisión de Andalucía _cDL 2012 |
||
| 300 |
_a318 p. _bil. col. |
||
| 650 | 0 | 4 |
_93092 _aIndústria audiovisual _yAndalusia |
| 650 | 0 | 4 |
_93083 _aCompetències professionals |
| 710 | 2 |
_93116 _aFundación Audiovisual de Andalucía |
|
| 942 |
_2udc _cMON |
||
| 999 |
_c6064 _d6064 |
||